000 00644nam a2200241Ia 4500
003 OSt
005 20220924122605.0
006 a|||||r|||| 00| 0
007 ta
008 220923b |||||||| |||| 00| 0 urd d
020 _c15
024 _a318029
037 _cTextual
040 _aARTS
_cARTS
_burd
041 _2urd
_aurd
082 _aO168,3NAKx, L9
100 _aAkram Farooqi
_9190031
245 0 _aLaher laher piyasi
260 _aLuckhnow
_bUttar Pardesh Urdu Academy India
_c1979
650 _aURDU FICTION
_93298
942 _hO168,3NAKx, L9
_cTEXL
_2CC
999 _c412286
_d412286